Peace at last / (Record no. 1902)

MARC details
000 -LEADER
fixed length control field 00994nam a22003371a 4500
001 - CONTROL NUMBER
control field 1902
003 - CONTROL NUMBER IDENTIFIER
control field FISKH
005 - DATE AND TIME OF LATEST TRANSACTION
control field 20231009112804.0
008 - FIXED-LENGTH DATA ELEMENTS--GENERAL INFORMATION
fixed length control field 070430r20071980enka j 000 f eng d
015 ## - NATIONAL BIBLIOGRAPHY NUMBER
National bibliography number GBA732709
Source bnb
016 7# - NATIONAL BIBLIOGRAPHIC AGENCY CONTROL NUMBER
Record control number 013735623
Source Uk
020 ## - INTERNATIONAL STANDARD BOOK NUMBER
International Standard Book Number 9780333631980
020 ## - INTERNATIONAL STANDARD BOOK NUMBER
International Standard Book Number 0230532411 (hbk.) :
040 ## - CATALOGING SOURCE
Original cataloging agency StDuBDS
Language of cataloging eng
Transcribing agency StDuBDS
Modifying agency Uk
042 ## - AUTHENTICATION CODE
Authentication code ukblsr
050 ## - LIBRARY OF CONGRESS CALL NUMBER
Classification number PZ7.M9534
082 04 - DEWEY DECIMAL CLASSIFICATION NUMBER
Classification number 823.914
Edition number 22
100 1# - MAIN ENTRY--PERSONAL NAME
Personal name Murphy, Jill,
Dates associated with a name 1949-
245 10 - TITLE STATEMENT
Title Peace at last /
Statement of responsibility, etc. Jill Murphy.
260 ## - PUBLICATION, DISTRIBUTION, ETC.
Place of publication, distribution, etc. London :
Name of publisher, distributor, etc. Macmillan Children's,
Date of publication, distribution, etc. 2008.
300 ## - PHYSICAL DESCRIPTION
Extent 26 unnumbered pages :
Other physical details color illustrations ;
Dimensions 27 cm.
336 ## - CONTENT TYPE
Content type term text
Source rdacontent
337 ## - MEDIA TYPE
Media type term unmediated
Source rdamedia
338 ## - CARRIER TYPE
Carrier type term volume
Source rdacarrier
505 ## - FORMATTED CONTENTS NOTE
Formatted contents note K<br/>
520 ## - SUMMARY, ETC.
Summary, etc. Mr. Bear spends the night searching for enough peace and quiet to go to sleep.
521 8# - TARGET AUDIENCE NOTE
Target audience note 510<br/>
Source Lexile<br/>
521 8# - TARGET AUDIENCE NOTE
Target audience note K<br/>
Source Raz-Plus<br/>
655 #7 - INDEX TERM--GENRE/FORM
Genre/form data or focus term Children's stories
Form subdivision Pictorial works.
Source of term gsafd
942 ## - ADDED ENTRY ELEMENTS (KOHA)
Source of classification or shelving scheme Dewey Decimal Classification
Koha item type Books
Suppress in OPAC No
Holdings
Withdrawn status Lost status Source of classification or shelving scheme Damaged status Not for loan Collection Home library Current library Shelving location Date acquired Total Checkouts Full call number Barcode Date last seen Date last checked out Price effective from Koha item type
    Dewey Decimal Classification     Fiction Footprints International School Library Network Toul Kork Campus Footprints International School Library Network Toul Kork Campus TK Primary Library Room(4th Floor), Bookcase 3&4, Shelves 17-32, Yellow Books 10/09/2023 3 MUR 823.914 PZ7.M9534 2023-0709 03/12/2025 03/05/2025 10/09/2023 Books